[Event "Sitges op 47th"]
[Site "Sitges"]
[Date "2023.07.30"]
[Round "9"]
[White "Sonkalan, Bharati"]
[Black "Aishwin, Daniel"]
[Result "1/2-1/2"]
[WhiteElo "2009"]
[BlackElo "2100"]
[PlyCount "42"]
[EventDate "2023.07.22"]
[EventType "swiss"]
[EventRounds "9"]
[EventCountry "ESP"]
[SourceTitle "CBM 215 Extra"]
[Source "ChessBase"]
[SourceDate "2023.09.30"]
[SourceVersion "1"]
[SourceVersionDate "2023.09.30"]
[SourceQuality "1"]

1. e4 e6 2. d4 d5 3. Nc3 Nf6 4. e5 Nfd7 5. f4 c5 6. Nf3 Nc6 7. Be3 cxd4 8. Nxd4 Qb6 9. Qd2 Qxb2 10. Rb1 Qa3 11. Bb5 Nxd4 12. Bxd4 a6 13. Bxd7+ Bxd7 14. Rb3 Qe7 15. Rxb7 Qh4+ 16. g3 Qd8 17. Bb6 Qc8 18. Rc7 Qd8 19. Rb7 Qc8 20. Rc7 Qd8 21. Rb7 Qc8 1/2-1/2

[Event "Barcelona Sant Marti op-A 23rd"]
[Site "Barcelona"]
[Date "2023.07.19"]
[Round "7"]
[White "Sonkalan, Bharati"]
[Black "Claramunt Bassegoda, Marcel"]
[Result "1/2-1/2"]
[WhiteElo "2009"]
[BlackElo "2086"]
[PlyCount "96"]
[EventDate "2023.07.13"]
[EventType "swiss"]
[EventRounds "9"]
[EventCountry "ESP"]
[SourceTitle "CBM 215 Extra"]
[Source "ChessBase"]
[SourceDate "2023.09.30"]
[SourceVersion "1"]
[SourceVersionDate "2023.09.30"]
[SourceQuality "1"]

1. e4 c6 2. d4 d5 3. Nd2 dxe4 4. Nxe4 Nf6 5. Nxf6+ exf6 6. Bc4 Na6 7. Ne2 Bd6 8. Be3 Nc7 9. Qd2 Nd5 10. Bxd5 cxd5 11. Bf4 Bf5 12. 0-0 Be7 13. Rfe1 Be6 14. Qd3 Qd7 15. Ng3 h5 16. Re2 h4 17. Nf1 Kf8 18. Rae1 Rc8 19. Bd2 Bd6 20. Qb3 g6 21. Bb4 Bxb4 22. Qxb4+ Kg7 23. Ne3 Rc6 24. Qd2 Qc7 25. Rc1 Rd8 26. c3 b5 27. Nc2 Rb6 28. Nb4 Bf5 29. Nd3 Bxd3 30. Qxd3 Qc4 31. Qxc4 bxc4 32. f3 Rdb8 33. Rcc2 Re6 34. Kf2 a5 35. Kf1 a4 36. Kf2 Rbb6 37. g3 hxg3+ 38. hxg3 Rb8 39. Kg2 Rbe8 40. Red2 Re1 41. Kf2 Rh1 42. Kg2 Ra1 43. a3 Rae1 44. Kf2 R1e6 45. Rc1 Rh8 46. Kg2 Rhe8 47. Kf2 Rh8 48. Kg2 Rhe8 1/2-1/2

[Event "Barbera del Valles op 45th"]
[Site "Barbera del Valles"]
[Date "2023.07.09"]
[Round "6"]
[White "Sonkalan, Bharati"]
[Black "Sanchez Aguilar, Arnau"]
[Result "0-1"]
[WhiteElo "2009"]
[BlackElo "2137"]
[PlyCount "112"]
[EventDate "2023.07.04"]
[EventType "swiss"]
[EventRounds "9"]
[EventCountry "ESP"]
[SourceTitle "CBM 215 Extra"]
[Source "ChessBase"]
[SourceDate "2023.09.30"]
[SourceVersion "1"]
[SourceVersionDate "2023.09.30"]
[SourceQuality "1"]

1. e4 c5 2. d4 cxd4 3. c3 dxc3 4. Nxc3 e6 5. Nf3 a6 6. Bc4 Ne7 7. Bg5 h6 8. Be3 Ng6 9. 0-0 Nc6 10. a4 Be7 11. Qd2 d6 12. Rad1 0-0 13. Qe2 Bd7 14. Nd2 Nce5 15. Bb3 Bc6 16. f4 Nd7 17. Rf3 Nc5 18. Bc2 Qc7 19. Rh3 f5 20. exf5 exf5 21. b4 Ne6 22. Bb3 Rf6 23. b5 axb5 24. axb5 Bxg2 25. Qxg2 Qxc3 26. Qxb7 Ra3 27. Bxe6+ Rxe6 28. Qd5 Kf7 29. Nb1 Nxf4 30. Bxf4 Qxh3 31. Nxa3 Qxa3 32. Re1 Qc5+ 33. Qxc5 dxc5 34. Rb1 c4 35. Bc7 Bc5+ 36. Kf1 Bb6 37. Bxb6 Rxb6 38. Rb4 Ke6 39. Rxc4 Rxb5 40. Rc7 Kf6 41. Kg2 Rb6 42. Kg3 g5 43. Rc3 Rd6 44. Ra3 Ke5 45. Re3+ Kf6 46. Ra3 Kg6 47. Rb3 Kh5 48. h3 f4+ 49. Kf3 Re6 50. Rb8 Kh4 51. Kg2 Re2+ 52. Kg1 Kxh3 53. Rb1 Kg3 54. Kh1 f3 55. Rg1+ Rg2 56. Rd1 Rh2+ 0-1

[Event "Barbera del Valles op 45th"]
[Site "Barbera del Valles"]
[Date "2023.07.07"]
[Round "4"]
[White "Oliver Martinez Fornes, Carlos"]
[Black "Sonkalan, Bharati"]
[Result "1-0"]
[WhiteElo "2073"]
[BlackElo "2009"]
[PlyCount "169"]
[EventDate "2023.07.04"]
[EventType "swiss"]
[EventRounds "9"]
[EventCountry "ESP"]
[SourceTitle "CBM 215 Extra"]
[Source "ChessBase"]
[SourceDate "2023.09.30"]
[SourceVersion "1"]
[SourceVersionDate "2023.09.30"]
[SourceQuality "1"]

1. d4 Nf6 2. c4 e5 3. dxe5 Ng4 4. e4 Nxe5 5. f4 Nec6 6. Nf3 Bc5 7. Bd3 d6 8. Nc3 Nd4 9. Nxd4 Bxd4 10. Qe2 c6 11. Be3 Qb6 12. Bxd4 Qxd4 13. 0-0-0 0-0 14. g3 Qf6 15. c5 dxc5 16. e5 Qh6 17. Ne4 Na6 18. Bxa6 bxa6 19. Rd6 Qh3 20. Ng5 Qg4 21. Qxg4 Bxg4 22. h3 h6 23. hxg4 hxg5 24. f5 Rfd8 25. Rhd1 Rxd6 26. Rxd6 Re8 27. e6 fxe6 28. fxe6 Rc8 29. Kc2 Kf8 30. Rd7 Re8 31. Rd6 Rc8 32. Kc3 Rc7 33. Kc4 Ke7 34. Kxc5 Rb7 35. Rxc6 Rb5+ 36. Kc4 Rxb2 37. Rxa6 Rg2 38. Kd5 Kf6 39. e7+ Kxe7 40. Rxa7+ Kf6 41. Ra6+ Ke7 42. Ke5 Rxg3 43. Kf5 Rc3 44. Kxg5 Kf7 45. Ra7+ Kg8 46. Kh5 Rh3+ 47. Kg6 Rh6+ 48. Kg5 Rc6 49. Ra5 Kf7 50. a4 Rc4 51. Kf5 Rc6 52. g5 Rc4 53. Ke5 Kg6 54. Kd5 Rc1 55. Kd4 Rf1 56. Kc3 Rc1+ 57. Kb2 Rg1 58. Rc5 Rg4 59. Kb3 Rg1 60. Kb4 Rf1 61. Ka5 Ra1 62. Kb5 Rf1 63. Ka6 Ra1 64. a5 Rb1 65. Ka7 Kh5 66. Ka6 g6 67. Rb5 Re1 68. Kb7 Re7+ 69. Kc6 Re6+ 70. Kd7 Re1 71. Rc5 Re2 72. Kd6 Re1 73. Kc6 Rb1 74. a6 Ra1 75. Kb6 Rb1+ 76. Rb5 Re1 77. a7 Re8 78. Ra5 Re6+ 79. Kc7 Re8 80. Kd7 Rh8 81. Ke7 Rc8 82. Kf7 Rh8 83. a8Q Rxa8 84. Rxa8 Kxg5 85. Ra5+ 1-0

[Event "Barbera del Valles op 45th"]
[Site "Barbera del Valles"]
[Date "2023.07.06"]
[Round "3"]
[White "Sonkalan, Bharati"]
[Black "Gil Jimenez, David"]
[Result "1-0"]
[WhiteElo "2009"]
[BlackElo "1812"]
[PlyCount "53"]
[EventDate "2023.07.04"]
[EventType "swiss"]
[EventRounds "9"]
[EventCountry "ESP"]
[SourceTitle "CBM 215 Extra"]
[Source "ChessBase"]
[SourceDate "2023.09.30"]
[SourceVersion "1"]
[SourceVersionDate "2023.09.30"]
[SourceQuality "1"]

1. e4 c5 2. d4 cxd4 3. c3 Nf6 4. e5 Nd5 5. Nf3 Nc6 6. cxd4 e6 7. Nc3 Nxc3 8. bxc3 d6 9. exd6 Bxd6 10. Bd3 Be7 11. 0-0 0-0 12. Qe2 Bf6 13. Qe4 g6 14. Bh6 Re8 15. Ne5 Nxe5 16. dxe5 Bg7 17. Bxg7 Kxg7 18. Bb5 Rf8 19. Rad1 Qa5 20. Bc4 Qxc3 21. Rd3 Qb4 22. Qh4 b5 23. Rh3 Rh8 24. Qf6+ Kg8 25. Rd3 Bb7 26. Bxe6 fxe6 27. Rd7 1-0

[Event "Barbera del Valles op 45th"]
[Site "Barbera del Valles"]
[Date "2023.07.05"]
[Round "2"]
[White "Ilamparthi, AR."]
[Black "Sonkalan, Bharati"]
[Result "1-0"]
[WhiteElo "2393"]
[BlackElo "2009"]
[PlyCount "85"]
[EventDate "2023.07.04"]
[EventType "swiss"]
[EventRounds "9"]
[EventCountry "ESP"]
[SourceTitle "CBM 215 Extra"]
[Source "ChessBase"]
[SourceDate "2023.09.30"]
[SourceVersion "1"]
[SourceVersionDate "2023.09.30"]
[SourceQuality "1"]

1. e4 c5 2. Nf3 d6 3. g3 Nc6 4. Bg2 g6 5. 0-0 Bg7 6. d3 Nf6 7. Re1 0-0 8. c3 e5 9. a3 b5 10. h3 a5 11. Be3 a4 12. Nbd2 Qe7 13. d4 c4 14. Qc2 Na5 15. Rad1 Bb7 16. g4 Rae8 17. Bg5 Qc7 18. Nf1 Nb3 19. Ng3 Nd7 20. h4 Rc8 21. h5 Rfe8 22. Be3 Nf8 23. d5 Nd7 24. Bf1 Ndc5 25. Kg2 Rf8 26. Be2 Rce8 27. Rh1 Bc8 28. Rh4 f6 29. hxg6 hxg6 30. Rdh1 Kf7 31. g5 Nd7 32. gxf6 Nxf6 33. Ng5+ Ke7 34. Nh7 Nxh7 35. Rxh7 Rf7 36. Bg5+ Bf6 37. Rxf7+ Kxf7 38. Rh7+ Bg7 39. Bh6 Rg8 40. Qd1 Qe7 41. Bg4 Bxg4 42. Qxg4 Nc5 43. Bxg7 1-0

[Event "Barbera del Valles op 45th"]
[Site "Barbera del Valles"]
[Date "2023.07.04"]
[Round "1"]
[White "Sonkalan, Bharati"]
[Black "Valenzuela Gomez, Fernando Alberto"]
[Result "0-1"]
[WhiteElo "2009"]
[BlackElo "2403"]
[PlyCount "84"]
[EventDate "2023.07.04"]
[EventType "swiss"]
[EventRounds "9"]
[EventCountry "ESP"]
[SourceTitle "CBM 215 Extra"]
[Source "ChessBase"]
[SourceDate "2023.09.30"]
[SourceVersion "1"]
[SourceVersionDate "2023.09.30"]
[SourceQuality "1"]

1. d4 Nf6 2. Nf3 g6 3. c4 Bg7 4. Nc3 d6 5. e4 0-0 6. Be2 e5 7. dxe5 dxe5 8. Qxd8 Rxd8 9. Bg5 c6 10. h3 Re8 11. 0-0 Na6 12. Bd3 Nh5 13. Be3 Nf4 14. Rad1 Be6 15. b3 b6 16. Bb1 h6 17. Kh2 g5 18. g4 f6 19. Bxf4 gxf4 20. Nh4 Bf8 21. Nf5 Kh7 22. Bd3 Bb4 23. Nb1 Bc5 24. Be2 Bf8 25. Nc3 Nc5 26. Rd2 a5 27. Rfd1 Na6 28. Nd6 Red8 29. Nb1 a4 30. Nf5 Rxd2 31. Rxd2 Bb4 32. Rd1 axb3 33. axb3 Nc5 34. Rd6 Ra2 35. Rxc6 Bxf5 36. gxf5 Rxe2 37. Rxb6 Rxf2+ 38. Kg1 Rb2 39. Rxb4 Rxb1+ 40. Kg2 Rb2+ 41. Kg1 Rxb3 42. Rb5 Rxb5 0-1

[Event "Llinars del Valles 3rd"]
[Site "Llinars del Valles"]
[Date "2023.07.03"]
[Round "9"]
[White "Sonkalan, Bharati"]
[Black "Arpan, Das Jr"]
[Result "1/2-1/2"]
[WhiteElo "2009"]
[BlackElo "2365"]
[PlyCount "77"]
[EventDate "2023.06.25"]
[EventType "swiss"]
[EventRounds "9"]
[EventCountry "ESP"]
[SourceTitle "CBM 215 Extra"]
[Source "ChessBase"]
[SourceDate "2023.09.30"]
[SourceVersion "1"]
[SourceVersionDate "2023.09.30"]
[SourceQuality "1"]

1. d4 d5 2. Nf3 e6 3. Bf4 Bd6 4. Bg3 Nf6 5. e3 0-0 6. Nbd2 c5 7. c3 Qc7 8. Bxd6 Qxd6 9. Ne5 c4 10. Be2 Nc6 11. f4 Ne7 12. 0-0 b5 13. a3 Bb7 14. Rf3 Ne4 15. Rh3 f6 16. Nef3 Nf5 17. Nh4 Nxe3 18. Nxe4 dxe4 19. Rxe3 Qxf4 20. Rh3 g5 21. Nf3 exf3 22. Bxf3 Bxf3 23. Rxf3 Qe4 24. Qf1 Kg7 25. Re1 Qd5 26. Rfe3 Rae8 27. Qe2 Kf7 28. Qh5+ Kg8 29. Qe2 e5 30. dxe5 Qc5 31. Kh1 Rxe5 32. Rxe5 Qxe5 33. Qf2 Qc7 34. Qf5 Qb7 35. Rd1 Rf7 36. h4 gxh4 37. Rd8+ Rf8 38. Rd7 Rf7 39. Rd1 1/2-1/2

[Event "Llinars del Valles 3rd"]
[Site "Llinars del Valles"]
[Date "2023.06.27"]
[Round "3"]
[White "Sonkalan, Bharati"]
[Black "Moskalenko, Viktor"]
[Result "0-1"]
[WhiteElo "2009"]
[BlackElo "2436"]
[PlyCount "132"]
[EventDate "2023.06.25"]
[EventType "swiss"]
[EventRounds "9"]
[EventCountry "ESP"]
[SourceTitle "CBM 215 Extra"]
[Source "ChessBase"]
[SourceDate "2023.09.30"]
[SourceVersion "1"]
[SourceVersionDate "2023.09.30"]
[SourceQuality "1"]

1. d4 d5 2. Nf3 e6 3. Bf4 Bd6 4. Bg3 Nf6 5. e3 0-0 6. Nbd2 c5 7. c3 Qc7 8. Ne5 Nbd7 9. f4 b5 10. Bxb5 Rb8 11. a4 a6 12. Bxd7 Nxd7 13. Ra2 f6 14. Nxd7 Bxd7 15. 0-0 Rb7 16. Qc2 Rfb8 17. b3 Be8 18. Qd3 Qc6 19. Qe2 Re7 20. Rc2 cxd4 21. exd4 Bg6 22. Rcc1 Rc8 23. b4 Qxa4 24. Ra1 Qb5 25. Qxb5 axb5 26. Ra6 Bb8 27. Ra8 Ree8 28. Rc1 Bxf4 29. Rxc8 Be3+ 30. Bf2 Bxf2+ 31. Kxf2 Rxc8 32. Nb3 e5 33. dxe5 fxe5 34. Nc5 Ra8 35. Rd1 Ra2+ 36. Kg3 Rc2 37. Rxd5 Rxc3+ 38. Kf2 Rc4 39. Rxe5 Rxb4 40. Re7 Rf4+ 41. Kg3 Rf7 42. Re8+ Rf8 43. Re7 Rb8 44. Nd7 Re8 45. Rxe8+ Bxe8 46. Ne5 b4 47. Nd3 b3 48. Kf4 Bg6 49. Nb2 Kf7 50. Ke5 Ke7 51. Na4 Bf7 52. Nb2 Kd7 53. Kd4 Ke6 54. Ke4 Bg6+ 55. Kd4 Kf5 56. Nd3 Bf7 57. Nb2 g5 58. Nd3 h5 59. Nb2 Be8 60. Nd3 Bb5 61. Nb2 Bc6 62. Kc3 Bxg2 63. Kxb3 Kg4 64. Kc3 Kh3 65. Kd3 Kxh2 66. Ke3 Kg3 0-1

[Event "Dhaka Saarc op"]
[Site "Dhaka"]
[Date "2019.12.02"]
[Round "8"]
[White "Ghosh, Chanchal Kumer"]
[Black "Sonkalan, Bharati"]
[Result "0-1"]
[WhiteElo "2061"]
[BlackElo "2136"]
[PlyCount "87"]
[EventDate "2019.11.25"]
[EventType "swiss"]
[EventRounds "9"]
[EventCountry "BAN"]
[SourceTitle "CBM 193 Extra"]
[Source "ChessBase"]
[SourceDate "2020.01.31"]
[SourceVersion "1"]
[SourceVersionDate "2020.01.31"]
[SourceQuality "1"]

1. e4 e5 2. Nf3 Nc6 3. Bc4 Bc5 4. c3 Nf6 5. d4 exd4 6. cxd4 Bb4+ 7. Nc3 Nxe4 8. 0-0 Bxc3 9. d5 Bf6 10. Re1 Ne7 11. Rxe4 d6 12. Bg5 Bxg5 13. Nxg5 h6 14. Qh5 g6 15. Qh4 Kf8 16. Rae1 Nf5 17. Re8+ Qxe8 18. Rxe8+ Kxe8 19. Qe4+ Kf8 20. Nf3 Bd7 21. g4 Re8 22. Qd3 Ng7 23. Qd4 a6 24. Bd3 Kg8 25. h4 h5 26. Ng5 hxg4 27. Qf6 Rf8 28. Qe7 Bf5 29. Bc4 b5 30. Bb3 Ne8 31. a4 Ng7 32. a5 f6 33. Ne4 Nh5 34. Ng3 Nxg3 35. fxg3 Rh7 36. Qe3 Rd7 37. Qa7 Re8 38. Qxa6 Bd3 39. Bd1 f5 40. Qb7 Re1+ 41. Kf2 Rde7 42. Qc8+ Kf7 43. h5 Rxd1 44. Qe6+ 0-1

[Event "Dhaka Saarc op"]
[Site "Dhaka"]
[Date "2019.11.29"]
[Round "5"]
[White "Sonkalan, Bharati"]
[Black "Lamahewa, C."]
[Result "1-0"]
[WhiteElo "2136"]
[BlackElo "1895"]
[PlyCount "39"]
[EventDate "2019.11.25"]
[EventType "swiss"]
[EventRounds "9"]
[EventCountry "BAN"]
[SourceTitle "CBM 193 Extra"]
[Source "ChessBase"]
[SourceDate "2020.01.31"]
[SourceVersion "1"]
[SourceVersionDate "2020.01.31"]
[SourceQuality "1"]

1. e4 c6 2. d4 d5 3. Nd2 dxe4 4. Nxe4 Bf5 5. Ng3 Bg6 6. Nf3 e6 7. h4 h6 8. Ne5 Bh7 9. Bd3 Bxd3 10. Qxd3 Nf6 11. Be3 Qa5+ 12. Bd2 Qd5 13. c4 Qxg2 14. 0-0-0 Nbd7 15. Qe2 Nxe5 16. dxe5 Ng4 17. Qxg4 Qxf2 18. Rhf1 Qc5 19. Bc3 b5 20. Qf4 1-0

[Event "Mumbai Mayors Cup 12th"]
[Site "Mumbai"]
[Date "2019.06.10"]
[Round "2"]
[White "Sonkalan, Bharati"]
[Black "Rahman, Ziaur"]
[Result "0-1"]
[WhiteElo "2164"]
[BlackElo "2481"]
[PlyCount "52"]
[EventDate "2019.06.09"]
[EventType "swiss"]
[EventRounds "10"]
[EventCountry "IND"]
[SourceTitle "CBM 190 Extra"]
[Source "ChessBase"]
[SourceDate "2019.07.15"]
[SourceVersion "1"]
[SourceVersionDate "2019.07.15"]
[SourceQuality "1"]

1. e4 c5 2. Nf3 d6 3. d4 cxd4 4. Nxd4 Nf6 5. Nc3 Nc6 6. Bg5 e6 7. Qd2 a6 8. 0-0-0 Bd7 9. f3 Nxd4 10. Qxd4 Bc6 11. h4 h6 12. Be3 Qc7 13. Qd2 Rc8 14. Bd3 d5 15. exd5 Nxd5 16. Nxd5 Bxd5 17. Kb1 Be7 18. Rh3 b5 19. f4 Rd8 20. Bd4 Qc6 21. Rg3 Bxh4 22. Rxg7 Bxa2+ 23. Kc1 Rxd4 24. Bxb5 Rxd2 25. Bxc6+ Kf8 26. Rxd2 Kxg7 0-1

[Event "BAN Walton 1st League"]
[Site "Dhaka"]
[Date "2018.10.27"]
[Round "3.4"]
[White "Mowla, Khondakar Nazre"]
[Black "Sonkalan, Bharati"]
[Result "0-1"]
[WhiteElo "1843"]
[BlackElo "2142"]
[PlyCount "52"]
[EventDate "2018.10.25"]
[EventType "team-tourn"]
[EventRounds "11"]
[EventCountry "BAN"]
[SourceTitle "CBM 187 Extra"]
[Source "ChessBase"]
[SourceDate "2018.11.04"]
[SourceVersion "1"]
[SourceVersionDate "2018.11.04"]
[SourceQuality "1"]
[WhiteTeam "Debdas Biswas Smirity Sangsad"]
[BlackTeam "Mir CC"]
[WhiteTeamCountry "BAN"]
[BlackTeamCountry "BAN"]

1. d4 Nf6 2. c4 e5 3. dxe5 Ng4 4. Nf3 Bc5 5. e3 Nc6 6. Nc3 0-0 7. Be2 Ngxe5 8. Nxe5 Nxe5 9. a3 a5 10. 0-0 Re8 11. b3 Ra6 12. Bb2 Rh6 13. g3 d6 14. Qd5 Bd7 15. Qh1 Ree6 16. Nd5 Reg6 17. Bxe5 dxe5 18. b4 Ba7 19. Rfd1 f5 20. Kf1 c6 21. Nc3 f4 22. exf4 exf4 23. Rd3 fxg3 24. fxg3 Qf8+ 25. Rf3 Rf6 26. c5 Bg4 0-1

[Event "Dhaka Walton op"]
[Site "Dhaka"]
[Date "2018.05.30"]
[Round "5"]
[White "Tutul, Dhar"]
[Black "Sonkalan, Bharati"]
[Result "0-1"]
[WhiteElo "1866"]
[BlackElo "2029"]
[PlyCount "54"]
[EventDate "2018.05.26"]
[EventType "swiss"]
[EventRounds "9"]
[EventCountry "BAN"]
[SourceTitle "CBM 184 Extra"]
[Source "ChessBase"]
[SourceDate "2018.06.28"]
[SourceVersion "1"]
[SourceVersionDate "2018.06.28"]
[SourceQuality "1"]

1. d4 Nf6 2. Bf4 g6 3. e3 Bg7 4. Nf3 0-0 5. Bd3 d6 6. c3 Nc6 7. Nbd2 Nd7 8. Bg3 e5 9. h4 h6 10. h5 g5 11. d5 Ne7 12. e4 f5 13. exf5 Nc5 14. Ne4 Nxd3+ 15. Qxd3 Bxf5 16. 0-0-0 c6 17. dxc6 d5 18. cxb7 Rb8 19. Qa6 Bxe4 20. Qe6+ Kh7 21. Nxe5 Bf5 22. Qa6 Rf6 23. Qxa7 Qc7 24. Nc6 Qxc6 25. Bxb8 Re6 26. Be5 Bxe5 27. b8Q Bxc3 0-1

[Event "Dhaka Walton op"]
[Site "Dhaka"]
[Date "2018.05.29"]
[Round "4"]
[White "Sonkalan, Bharati"]
[Black "Ahmed, Sk Nasir"]
[Result "0-1"]
[WhiteElo "2029"]
[BlackElo "2305"]
[PlyCount "78"]
[EventDate "2018.05.26"]
[EventType "swiss"]
[EventRounds "9"]
[EventCountry "BAN"]
[SourceTitle "CBM 184 Extra"]
[Source "ChessBase"]
[SourceDate "2018.06.28"]
[SourceVersion "1"]
[SourceVersionDate "2018.06.28"]
[SourceQuality "1"]

1. d4 Nf6 2. Nf3 e6 3. Bf4 d5 4. e3 Bd6 5. Bg3 0-0 6. Nbd2 c5 7. c3 b6 8. Ne5 Bb7 9. Bd3 Nc6 10. f4 Ne7 11. Qf3 Nf5 12. Bf2 Be7 13. Qh3 Ne4 14. g4 Nfd6 15. 0-0 c4 16. Bc2 b5 17. Be1 a5 18. a3 Qc7 19. Rf3 f6 20. Qh5 fxe5 21. dxe5 Nf7 22. Rh3 h6 23. Qg6 Nh8 24. Qxe6+ Rf7 25. Nxe4 dxe4 26. Rd1 Bf8 27. Rd4 Ra6 28. Qe8 Bc6 29. Qe6 Bc5 30. f5 Bxd4 31. exd4 Bb7 32. Qe8+ Rf8 33. Qxb5 Rb6 34. Qa4 Rxb2 35. Re3 Nf7 36. e6 Nd6 37. Bg3 Bc6 38. Bxd6 Qxd6 39. Qxc4 Bb5 0-1

[Event "BAN-chT2"]
[Site "Dhaka"]
[Date "2017.10.28"]
[Round "7.1"]
[White "Masum, Hossain"]
[Black "Sonkalan, Bharati"]
[Result "1/2-1/2"]
[WhiteElo "2093"]
[BlackElo "2116"]
[PlyCount "125"]
[EventDate "2017.10.22"]
[EventType "team-swiss"]
[EventRounds "7"]
[EventCountry "BAN"]
[SourceTitle "CBM 181 Extra"]
[Source "ChessBase"]
[SourceDate "2017.12.12"]
[SourceVersion "1"]
[SourceVersionDate "2017.12.12"]
[SourceQuality "1"]
[WhiteTeam "Uttara Central CC"]
[BlackTeam "New Nation Fenchuganj"]
[WhiteTeamCountry "BAN"]
[BlackTeamCountry "BAN"]

1. e4 c5 2. Nf3 d6 3. d4 cxd4 4. Nxd4 Nf6 5. Nc3 g6 6. Be3 Bg7 7. f3 0-0 8. Bc4 Nc6 9. Qd2 Bd7 10. 0-0-0 Na5 11. Bb3 Rb8 12. Bh6 Bxh6 13. Qxh6 b5 14. h4 e5 15. Nde2 b4 16. Nd5 Nxb3+ 17. axb3 Nxd5 18. Rxd5 Rb6 19. h5 g5 20. Rxd6 f6 21. Rhd1 Rxd6 22. Rxd6 Qe7 23. Rd5 Be6 24. c4 bxc3 25. Nxc3 Bxd5 26. Nxd5 Qc5+ 27. Kb1 Qd6 28. g4 Rf7 29. b4 Qf8 30. Qxf8+ Rxf8 31. b5 Kf7 32. b6 axb6 33. Nxb6 Ke6 34. b4 Rd8 35. Kc2 Rd4 36. Nd5 Rc4+ 37. Kd2 Rd4+ 38. Ke2 Rc4 39. b5 Rc2+ 40. Kd3 Rb2 41. b6 Rf2 42. Kc4 Kd6 43. Nxf6 h6 44. Ng8 Rxf3 45. b7 Rf8 46. Nxh6 Rb8 47. Nf7+ Ke7 48. Nxg5 Rxb7 49. Nf3 Ke6 50. g5 Rf7 51. Nd2 Rf2 52. Kd3 Rh2 53. h6 Rh3+ 54. Ke2 Kf7 55. Nf3 Kg6 56. Kf2 Rh1 57. Kg2 Ra1 58. Nxe5+ Kxg5 59. h7 Ra8 60. Nf7+ Kf4 61. e5 Kf5 62. h8Q Rxh8 63. Nxh8 1/2-1/2

[Event "BAN-chT2"]
[Site "Dhaka"]
[Date "2017.10.26"]
[Round "5.2"]
[White "Sabbir, Shah"]
[Black "Sonkalan, Bharati"]
[Result "0-1"]
[WhiteElo "1778"]
[BlackElo "2116"]
[PlyCount "64"]
[EventDate "2017.10.22"]
[EventType "team-swiss"]
[EventRounds "7"]
[EventCountry "BAN"]
[SourceTitle "CBM 181 Extra"]
[Source "ChessBase"]
[SourceDate "2017.12.12"]
[SourceVersion "1"]
[SourceVersionDate "2017.12.12"]
[SourceQuality "1"]
[WhiteTeam "Uttara Central CC"]
[BlackTeam "New Nation Fenchuganj"]
[WhiteTeamCountry "BAN"]
[BlackTeamCountry "BAN"]

1. d4 Nf6 2. Nf3 g6 3. c4 Bg7 4. Nc3 0-0 5. Bg5 d6 6. e3 c6 7. Be2 Qa5 8. 0-0 h6 9. Bxf6 Bxf6 10. h3 Nd7 11. a3 Bg7 12. Qc2 e5 13. b4 Qc7 14. Rad1 exd4 15. exd4 Nf6 16. Bd3 Bd7 17. c5 dxc5 18. dxc5 Qf4 19. Ne2 Qc7 20. Rfe1 Be6 21. Bc4 Bxc4 22. Qxc4 Nd5 23. Rd2 Rfe8 24. g3 Re7 25. Red1 Rae8 26. Ned4 Re4 27. Qb3 Ne3 28. Re1 Nd5 29. Rxe4 Rxe4 30. Qd3 f5 31. Kg2 a6 32. Rc2 Qd8 0-1

[Event "Asia Cities-ch 20th"]
[Site "Bhubaneswar"]
[Date "2017.08.31"]
[Round "8.5"]
[White "Sonkalan, Bharati"]
[Black "Miswadah, Baha"]
[Result "1-0"]
[WhiteElo "2018"]
[BlackElo "1874"]
[PlyCount "135"]
[EventDate "2017.08.26"]
[EventType "team-swiss"]
[EventRounds "9"]
[EventCountry "IND"]
[SourceTitle "CBM 180 Extra"]
[Source "ChessBase"]
[SourceDate "2017.10.06"]
[SourceVersion "1"]
[SourceVersionDate "2017.10.06"]
[SourceQuality "1"]
[WhiteTeam "Kolkata"]
[BlackTeam "Alquds"]
[WhiteTeamCountry "IND"]
[BlackTeamCountry "PLE"]

1. e4 c5 2. d4 cxd4 3. c3 g6 4. Nf3 Bg7 5. Bc4 e6 6. 0-0 Qc7 7. Qe2 Nc6 8. Rd1 Na5 9. Bd3 Ne7 10. Nxd4 a6 11. Bg5 Nac6 12. Nxc6 Nxc6 13. Nd2 b5 14. Nf3 f6 15. Be3 0-0 16. Rac1 Bb7 17. b3 Ne5 18. Nxe5 fxe5 19. c4 b4 20. c5 Bc6 21. f3 Qd8 22. Bc4 Qh4 23. Bxa6 Bh6 24. Bxh6 Qxh6 25. Rc2 Rxa6 26. Qxa6 Qe3+ 27. Rf2 Qxc5 28. Qc4 Qb6 29. Rd6 Ra8 30. Qc2 Ra5 31. h3 Rc5 32. Qd2 Rc3 33. Kh2 Qc5 34. Kg3 Kg7 35. Rxd7+ Bxd7 36. Qxd7+ Kh6 37. Qxe6 Rd3 38. h4 Rd6 39. Qe7 Rc6 40. Qxc5 Rxc5 41. Rd2 Ra5 42. Rc2 Ra7 43. Rc4 Rxa2 44. Rxb4 Rb2 45. Rb7 Rb1 46. Kh2 Rb2 47. Kh3 Rf2 48. Re7 Rb2 49. g4 g5 50. Rxe5 gxh4 51. Kxh4 Rxb3 52. g5+ Kg6 53. Kg4 Rb1 54. Re6+ Kf7 55. Kf5 Rb5+ 56. e5 Rb4 57. Ra6 Rb7 58. f4 Rc7 59. Rd6 Rc4 60. Rd7+ Kg8 61. e6 Rc8 62. Kf6 Rf8+ 63. Rf7 Rb8 64. f5 Ra8 65. Rg7+ Kh8 66. Kf7 h6 67. e7 Ra7 68. Rg8+ 1-0

[Event "Dhaka Powertec op-B"]
[Site "Dhaka"]
[Date "2017.07.21"]
[Round "7"]
[White "Sonkalan, Bharati"]
[Black "Khan, Mokaddesur Rahman"]
[Result "1-0"]
[WhiteElo "1978"]
[BlackElo "1983"]
[PlyCount "49"]
[EventDate "2017.07.15"]
[EventType "swiss"]
[EventRounds "9"]
[EventCountry "BAN"]
[SourceTitle "EXT 2018"]
[Source "ChessBase"]
[SourceDate "2017.10.13"]
[SourceVersion "1"]
[SourceVersionDate "2017.10.13"]
[SourceQuality "1"]

1. e4 d6 2. d4 g6 3. f4 Bg7 4. c3 Nf6 5. Bd3 0-0 6. Nf3 Nbd7 7. e5 Ne8 8. 0-0 c5 9. Qe2 Nc7 10. Nbd2 a6 11. Ne4 cxd4 12. cxd4 dxe5 13. fxe5 Nd5 14. e6 fxe6 15. Neg5 N7b6 16. Bd2 Qe8 17. Nxh7 Kxh7 18. Ne5 Rf5 19. g4 Bxe5 20. dxe5 Rxf1+ 21. Rxf1 Bd7 22. Qf2 Bb5 23. Qh4+ Kg8 24. Rf3 Qb8 25. Bxg6 1-0

[Event "Chennai op 9th"]
[Site "Chennai"]
[Date "2017.01.22"]
[Round "6"]
[White "Sonkalan, Bharati"]
[Black "Ram, S Krishnan"]
[Result "0-1"]
[WhiteElo "1912"]
[BlackElo "2239"]
[PlyCount "70"]
[EventDate "2017.01.18"]
[EventType "swiss"]
[EventRounds "10"]
[EventCountry "IND"]
[SourceTitle "CBM 176 Extra"]
[Source "ChessBase"]
[SourceDate "2017.03.02"]
[SourceVersion "1"]
[SourceVersionDate "2017.03.02"]
[SourceQuality "1"]

1. d4 d6 2. e4 Nf6 3. Nc3 c6 4. f4 Qa5 5. Bd3 e5 6. dxe5 dxe5 7. f5 Bc5 8. Qe2 b5 9. Bd2 Qc7 10. g4 h6 11. h4 Nbd7 12. Qf3 h5 13. g5 Ng4 14. Nh3 Nb6 15. Qg3 b4 16. Nd1 a5 17. Be2 Ba6 18. Bxg4 hxg4 19. Qxg4 Nc4 20. Rh2 Qd7 21. b3 Bd4 22. Rc1 Nxd2 23. Rxd2 0-0-0 24. Rh2 g6 25. c4 bxc3 26. Nxc3 Rxh4 27. Qxh4 Bxc3+ 28. Rxc3 Qd1+ 29. Kf2 Qd2+ 30. Kg1 Qxc3 31. Rf2 Qe1+ 32. Kg2 Bf1+ 33. Kh2 Bxh3 34. Kxh3 Qh1+ 35. Kg4 Qxe4+ 0-1